| 000 | 00729nas a2200229 4500 | ||
|---|---|---|---|
| 001 | BR5800190 | ||
| 003 | BR-BrBNA | ||
| 005 | 20231205082017.0 | ||
| 007 | ta | ||
| 008 | 230509b bl.|||p| |||| 00| 00por d | ||
| 040 |
_aBR-BrBNA _bpor _cBiblioteca Nacional de Agricultura |
||
| 041 | _a(Pt) | ||
| 072 | _aB50; Q10 | ||
| 110 | 1 | _aSecretaria da Agricultura, Industria e Comercio, Porto Alegre, RS (Brasil). Diretoria da Industria e Comercio | |
| 245 | 1 | _aA industria da cerveja no decurso da historia | |
| 650 | _aHISTORIA | ||
| 650 | _aINDUSTRIA | ||
| 650 | _aCERVEJA | ||
| 773 | 0 |
_tIntercambio (Brazil) _x _g(Jan-Mar 1958), v. 6(1-3) p. 44-47 _wBR5800190 |
|
| 909 |
_a202311 _bLúcia _c55 _dLúcia Elande |
||
| 942 |
_2AGRIS _n0 _cANA |
||
| 999 |
_c88523 _d88523 |
||